Géométrie au XXe siècle (notice n° 1932002)

détails MARC
000 -LEADER
fixed length control field 01684cam a2200169 4500500
005 - DATE AND TIME OF LATEST TRANSACTION
control field 20260329024142.0
041 ## - LANGUAGE CODE
Language code of text/sound track or separate title fre
042 ## - AUTHENTICATION CODE
Authentication code dc
100 10 - MAIN ENTRY--PERSONAL NAME
Personal name Kouneiher, Joseph
Relator term author
245 00 - TITLE STATEMENT
Title Géométrie au XXe siècle
260 ## - PUBLICATION, DISTRIBUTION, ETC.
Name of publisher, distributor, etc. Hermann,<br/>
Date of publication, distribution, etc. 2005.<br/>
520 ## - SUMMARY, ETC.
Summary, etc. Peu de travaux historiques et philosophiques ont été consacrés à l'histoire récente de la géométrie. Pourtant, au cours de la seconde moitié du vingtième siècle, l'approche géométrique s'est révélée d'une fécondité extraordinaire dans tous les domaines mathématiques, ainsi qu'en physique théorique. En retour, la géométrie a été profondément bouleversée. Le foisonnement des recherches en géométrie, la diversité des intérêts et des travaux et leurs multiples domaines d'application rendent nécessaire, mais extrêmement délicate, toute tentative d'en proposer une approche réflexive et/ou historique.Cet ouvrage se propose de contribuer à l'émergence de tels travaux historiques et philosophiques en offrant une large présentation réflexive des géométries du vingtième siècle et de leurs fondements conceptuels. L'ensemble des textes dus à des mathématiciens, des philosophes ou des historiens ne prétend pas à l'exhaustivité. Ils constituent un matériau d'une richesse remarquable pour tous ceux qui sont intéressés par une approche historique et philosophique des théories géométriques contemporaines.
700 10 - ADDED ENTRY--PERSONAL NAME
Personal name Flament, Dominique
Relator term author
700 10 - ADDED ENTRY--PERSONAL NAME
Personal name Nabonnand, Philippe
Relator term author
700 10 - ADDED ENTRY--PERSONAL NAME
Personal name Szczeciniarz, Jean-Jacques
Relator term author
856 41 - ELECTRONIC LOCATION AND ACCESS
Uniform Resource Identifier <a href="https://stm.cairn.info/geometrie-au-xxe-siecle--9782705665456?lang=fr&redirect-ssocas=7080">https://stm.cairn.info/geometrie-au-xxe-siecle--9782705665456?lang=fr&redirect-ssocas=7080</a>

Pas d'exemplaire disponible.

PLUDOC

PLUDOC est la plateforme unique et centralisée de gestion des bibliothèques physiques et numériques de Guinée administré par le CEDUST. Elle est la plus grande base de données de ressources documentaires pour les Étudiants, Enseignants chercheurs et Chercheurs de Guinée.

Adresse

627 919 101/664 919 101

25 boulevard du commerce
Kaloum, Conakry, Guinée

Réseaux sociaux

Powered by Netsen Group @ 2025